[Event "Southern Alberta op"]
[Site "Calgary CAN"]
[Date "2019.11.24"]
[Round "4"]
[White "Daniluk, Jim"]
[Black "Han, Victor"]
[Result "1-0"]
[WhiteElo "1859"]
[BlackElo "1957"]
[PlyCount "31"]
[EventDate "2019.11.23"]
[EventType "swiss"]
[EventRounds "5"]
[EventCountry "CAN"]

1. d4 Nf6 2. Nf3 d5 3. c4 c6 4. g3 dxc4 5. a4 e6 6. Bg2 Nbd7 7. O-O c5 8. Nbd2
cxd4 9. Nxc4 Be7 10. a5 Qc7 11. Qxd4 Bc5 12. Bf4 Bxd4 13. Bxc7 Nd5 14. Nxd4
Nxc7 15. a6 Rb8 16. axb7 1-0

[Event "Southern Alberta op"]
[Site "Calgary CAN"]
[Date "2019.11.24"]
[Round "4"]
[White "Qin, Kevin"]
[Black "Chandra, Anand"]
[Result "1-0"]
[WhiteElo "1864"]
[BlackElo "2106"]
[PlyCount "81"]
[EventDate "2019.11.23"]
[EventType "swiss"]
[EventRounds "5"]
[EventCountry "CAN"]

1. Nf3 Nf6 2. c4 e6 3. Nc3 d5 4. d4 Be7 5. Bg5 O-O 6. e3 b6 7. Be2 Bb7 8. O-O
Nbd7 9. Rc1 Re8 10. Bf4 c6 11. Re1 a6 12. a3 c5 13. dxc5 bxc5 14. cxd5 exd5 15.
Qd2 Qb6 16. Red1 Bf8 17. Qc2 h6 18. Na4 Qe6 19. Re1 Kh8 20. Bd3 g6 21. h3 Rac8
22. Nc3 Qc6 23. Bf1 Bg7 24. Red1 Nb6 25. Qb1 Qe6 26. Re1 Nh5 27. Bh2 Qd7 28.
Be2 d4 29. Red1 Rcd8 30. b4 Qe7 31. bxc5 dxc3 32. Rxd8 Rxd8 33. Qxb6 Rc8 34.
Bd6 Qd7 35. Nd4 Bxd4 36. exd4 Rc6 37. Qb4 Rxd6 38. cxd6 Nf4 39. Bf1 Bxg2 40.
Qxc3 Bxf1 41. Qc8+ 1-0

[Event "Southern Alberta op"]
[Site "Calgary CAN"]
[Date "2019.11.24"]
[Round "5"]
[White "Han, Victor"]
[Black "Evans, Blaise"]
[Result "1-0"]
[WhiteElo "1957"]
[BlackElo "1319"]
[PlyCount "47"]
[EventDate "2019.11.23"]
[EventType "swiss"]
[EventRounds "5"]
[EventCountry "CAN"]

1. d4 Nf6 2. Nf3 e6 3. Bf4 d5 4. e3 Bd6 5. Bxd6 Qxd6 6. c4 dxc4 7. Qa4+ Qc6 8.
Qxc4 O-O 9. Nbd2 b6 10. Qxc6 Nxc6 11. Rc1 Bb7 12. Be2 Rad8 13. O-O Rd7 14. a3
Rfd8 15. Bb5 Rd6 16. Rc2 a6 17. Bd3 R8d7 18. Rfc1 e5 19. Nc4 e4 20. Nxd6 Rxd6
21. Be2 exf3 22. Bxf3 Na5 23. Rxc7 Bxf3 24. Rc8+ 1-0

[Event "Southern Alberta op"]
[Site "Calgary CAN"]
[Date "2019.11.24"]
[Round "5"]
[White "McDonald, Mike"]
[Black "Qin, Kevin"]
[Result "1/2-1/2"]
[WhiteElo "1960"]
[BlackElo "1864"]
[PlyCount "45"]
[EventDate "2019.11.23"]
[EventType "swiss"]
[EventRounds "5"]
[EventCountry "CAN"]

1. e4 c6 2. Nf3 d5 3. Nc3 dxe4 4. Nxe4 Nf6 5. Nxf6+ exf6 6. d4 Bd6 7. Bd3 O-O
8. O-O Be6 9. Re1 Nd7 10. c3 Re8 11. Qc2 Nf8 12. Bd2 Qc7 13. h3 Qd7 14. Qd1 h6
15. Bf1 Ng6 16. Nh2 f5 17. Qh5 Nf4 18. Qh4 Ng6 19. Qh5 Nf4 20. Qh4 Ng6 21. Qh5
Nf4 22. Qh4 Ng6 23. Qh5 1/2-1/2

[Event "Ste-Foy - Botwinnik"]
[Site "Ste-Foy CAN"]
[Date "2019.10.05"]
[Round "5"]
[White "Auger, Bertrand"]
[Black "Sarra-Bournet, Marc"]
[Result "1-0"]
[WhiteElo "1922"]
[BlackElo "1805"]
[PlyCount "58"]
[EventDate "2019.09.07"]
[EventType "swiss"]
[EventRounds "5"]
[EventCountry "CAN"]

1. Nf3 d5 2. g3 Nf6 3. Bg2 Nc6 4. d4 e6 5. c4 Bb4+ 6. Nbd2 dxc4 7. O-O c3 8.
bxc3 Bxc3 9. Rb1 O-O 10. Ba3 Re8 11. Qa4 Bxd2 12. Nxd2 Nxd4 13. Rfe1 c6 14. Bb2
Nb5 15. Nf3 Nd5 16. Qc2 f6 17. Red1 Qc7 18. a4 Nd6 19. e4 Nb4 20. Qc5 Nxe4 21.
Qxb4 f5 22. Ne5 a5 23. Qc4 Nf6 24. h4 Nd5 25. Rxd5 exd5 26. Bxd5+ Kf8 27. Ba3+
Re7 28. Re1 Ke8 29. Bf7+ Kd8 1-0

[Event "Ste-Foy - Botwinnik"]
[Site "Ste-Foy CAN"]
[Date "2019.10.05"]
[Round "5"]
[White "Drolet, Stephane"]
[Black "Poliquin, Yvon"]
[Result "1-0"]
[WhiteElo "2054"]
[BlackElo "1906"]
[PlyCount "93"]
[EventDate "2019.09.07"]
[EventType "swiss"]
[EventRounds "5"]
[EventCountry "CAN"]

1. d4 e6 2. Bf4 c5 3. e3 cxd4 4. exd4 Qb6 5. Nc3 Ne7 6. Qd2 Ng6 7. Bg3 d6 8.
O-O-O Bd7 9. h4 Na6 10. Nf3 Rc8 11. h5 Ne7 12. Bf4 Nb4 13. Kb1 Ned5 14. Nxd5
Nxd5 15. c4 Nxf4 16. Qxf4 h6 17. Bd3 Be7 18. g4 Bf6 19. Rd2 Bc6 20. d5 e5 21.
Qg3 Bd7 22. g5 hxg5 23. Nxg5 Rh6 24. Ne4 Ke7 25. Nxf6 gxf6 26. f4 Rch8 27. fxe5
dxe5 28. Qf3 Qd4 29. Kc2 Kd6 30. b4 b6 31. Kb3 Rc8 32. Qf2 Qxf2 33. Rxf2 Rch8
34. Be2 Rg8 35. Rc1 Rg3+ 36. Rf3 Rxf3+ 37. Bxf3 e4 38. Bxe4 Rxh5 39. c5+ Ke5
40. Bg2 Rg5 41. Re1+ Kd4 42. c6 Rg3+ 43. Ka4 Bxc6+ 44. dxc6 Rxg2 45. Rd1+ Kc4
46. Rc1+ Kd5 47. c7 1-0

[Event "Ste-Foy - Botwinnik"]
[Site "Ste-Foy CAN"]
[Date "2019.10.05"]
[Round "5"]
[White "Fecteau, Martin"]
[Black "Oliver, Vance"]
[Result "1-0"]
[WhiteElo "1982"]
[BlackElo "1638"]
[PlyCount "65"]
[EventDate "2019.09.07"]
[EventType "swiss"]
[EventRounds "5"]
[EventCountry "CAN"]

1. c4 Nf6 2. Nc3 e6 3. e4 c6 4. e5 Ng8 5. d4 d5 6. Nf3 Ne7 7. c5 Nd7 8. Bd3 b6
9. cxb6 axb6 10. Qe2 Bb7 11. O-O Ra7 12. Re1 Qa8 13. Qe3 Ba6 14. Bxa6 Rxa6 15.
Qd3 Ng6 16. h4 Be7 17. g3 h6 18. h5 Ngf8 19. a3 b5 20. Rb1 Nb6 21. Bf4 Nc4 22.
Nd2 Nxd2 23. Bxd2 Nd7 24. Qf3 Nb6 25. Qg4 Kf8 26. Rbd1 Nc4 27. Bc1 Qd8 28. Re2
Bg5 29. f4 Be7 30. f5 Qd7 31. Rf1 c5 32. f6 gxf6 33. exf6 1-0

[Event "Ste-Foy - Botwinnik"]
[Site "Ste-Foy CAN"]
[Date "2019.10.05"]
[Round "5"]
[White "Laflamme, Simon"]
[Black "Sauve, Richard"]
[Result "1-0"]
[WhiteElo "2003"]
[BlackElo "1915"]
[PlyCount "63"]
[EventDate "2019.09.07"]
[EventType "swiss"]
[EventRounds "5"]
[EventCountry "CAN"]

1. d4 e6 2. c4 d5 3. Nc3 c6 4. e4 dxe4 5. Nxe4 Bb4+ 6. Bd2 Qxd4 7. Bxb4 Qxe4+
8. Be2 Na6 9. Ba5 b6 10. Qd6 Bd7 11. Bc3 Nf6 12. Nf3 O-O-O 13. Rd1 Kb7 14. Nd2
Qf5 15. Bf3 Qc5 16. Qg3 Rhg8 17. O-O Bc8 18. a3 Qe7 19. b4 Nb8 20. Be5 Bd7 21.
Nb3 Ne8 22. b5 f6 23. Bxb8 e5 24. bxc6+ Kxb8 25. cxd7 Rxd7 26. Rxd7 Qxd7 27.
Rd1 Qa4 28. Nd4 Qxc4 29. Nc6+ Kc7 30. Bd5 Qc2 31. Qf3 Rf8 32. Nb4 1-0

[Event "Ste-Foy - Boywinnik"]
[Site "Ste-Foy CAN"]
[Date "2019.09.07"]
[Round "1"]
[White "Boisvert, Michel"]
[Black "Oliver, Vance"]
[Result "1-0"]
[WhiteElo "2104"]
[BlackElo "1638"]
[PlyCount "61"]
[EventDate "2019.09.07"]
[EventType "swiss"]
[EventRounds "5"]
[EventCountry "CAN"]

1. d4 Nf6 2. Nc3 d6 3. Bf4 g6 4. e3 Bg7 5. h4 h6 6. Bd3 Nc6 7. Qd2 a6 8. Nf3 b5
9. Nxb5 axb5 10. Bxb5 Bd7 11. O-O Qb8 12. a4 Qb7 13. c3 O-O 14. b4 Ne4 15. Qc2
Nb8 16. Bd3 Nf6 17. e4 Nh5 18. Be3 Bg4 19. Nd2 e5 20. d5 Nf4 21. Bb5 Bf6 22. g3
Nh3+ 23. Kh2 g5 24. f3 Bc8 25. h5 Kh7 26. Nc4 Rg8 27. Na5 Rxa5 28. bxa5 c6 29.
a6 Qd7 30. a7 Nf4 31. g4 1-0

[Event "Ste-Foy - Boywinnik"]
[Site "Ste-Foy CAN"]
[Date "2019.09.07"]
[Round "1"]
[White "Brisson, Christian"]
[Black "Auger, Bertrand"]
[Result "0-1"]
[WhiteElo "1527"]
[BlackElo "1922"]
[PlyCount "44"]
[EventDate "2019.09.07"]
[EventType "swiss"]
[EventRounds "5"]
[EventCountry "CAN"]

1. Nf3 Nf6 2. g3 b5 3. Bg2 Bb7 4. O-O g6 5. b4 Bg7 6. Bb2 d6 7. Nc3 a6 8. Rb1
O-O 9. d4 Nd5 10. a3 Nxc3 11. Bxc3 Nd7 12. Ba1 Nb6 13. Nd2 Bxg2 14. Kxg2 d5 15.
Rb3 Qd6 16. Rd3 a5 17. bxa5 Rxa5 18. Qb1 Nc4 19. Bc3 Nxa3 20. Qb4 Ra4 21. Qb2
Rfa8 22. Bb4 Qxb4 0-1

[Event "Ste-Foy - Boywinnik"]
[Site "Ste-Foy CAN"]
[Date "2019.09.07"]
[Round "1"]
[White "Fecteau, Martin"]
[Black "Chabot, Michelin"]
[Result "1-0"]
[WhiteElo "1982"]
[BlackElo "1536"]
[PlyCount "63"]
[EventDate "2019.09.07"]
[EventType "swiss"]
[EventRounds "5"]
[EventCountry "CAN"]

1. c4 g6 2. Nc3 c5 3. g3 Bg7 4. Bg2 e6 5. Nf3 Ne7 6. d4 cxd4 7. Nxd4 O-O 8. O-O
Nbc6 9. Ndb5 a6 10. Nd6 Nf5 11. Nce4 Be5 12. Rb1 Qc7 13. c5 b6 14. cxb6 Qxb6
15. Nc4 Qc7 16. Nxe5 Qxe5 17. Bf4 Qd4 18. Nd6 e5 19. Nxf5 Qxd1 20. Rfxd1 Rb8
21. Bh6 gxf5 22. Bxf8 Kxf8 23. Rd6 Nd4 24. Kf1 a5 25. e3 Nb5 26. Rd2 Nc3 27.
Ra1 Ne4 28. Bxe4 fxe4 29. Rc1 Ba6+ 30. Kg2 Bd3 31. Kh3 Rb6 32. Kg4 1-0

[Event "Ste-Foy - Boywinnik"]
[Site "Ste-Foy CAN"]
[Date "2019.09.07"]
[Round "1"]
[White "Laflamme, Simon"]
[Black "Jean, Martin"]
[Result "1-0"]
[WhiteElo "2003"]
[BlackElo "1605"]
[PlyCount "53"]
[EventDate "2019.09.07"]
[EventType "swiss"]
[EventRounds "5"]
[EventCountry "CAN"]

1. d4 f5 2. c4 Nf6 3. Nc3 e6 4. f3 Bb4 5. Bd2 b6 6. e3 Bb7 7. Bd3 Na6 8. Nge2
O-O 9. O-O Qe8 10. a3 Be7 11. e4 Nh5 12. Qc2 Qg6 13. Kh1 c5 14. d5 Nc7 15. exf5
exf5 16. g4 Nf6 17. Bxf5 Qe8 18. g5 Nfxd5 19. Bxh7+ Kh8 20. Bg6 Qb8 21. cxd5
Nxd5 22. Nxd5 Bxd5 23. Be4 Qe5 24. Bxd5 Bd6 25. Nf4 Rxf4 26. Bxf4 Qxf4 27. Bxa8
1-0

[Event "Ste-Foy - Boywinnik"]
[Site "Ste-Foy CAN"]
[Date "2019.09.07"]
[Round "1"]
[White "Roy, Benjamin"]
[Black "Drolet, Stephane"]
[Result "0-1"]
[WhiteElo "1613"]
[BlackElo "2054"]
[PlyCount "72"]
[EventDate "2019.09.07"]
[EventType "swiss"]
[EventRounds "5"]
[EventCountry "CAN"]

1. e4 c5 2. d3 Nc6 3. g3 e6 4. Bg2 Nf6 5. Nh3 d5 6. O-O Be7 7. Nd2 e5 8. Ng5 h6
9. exd5 Nxd5 10. Nxf7 Kxf7 11. Qh5+ g6 12. Qf3+ Nf6 13. Ne4 Nd4 14. Qd1 Kg7 15.
f4 Bg4 16. Qd2 exf4 17. gxf4 Qd7 18. Rf2 Nxe4 19. dxe4 Bh4 20. c3 Bxf2+ 21.
Kxf2 Nc6 22. Qe3 b6 23. b4 cxb4 24. Bb2 Rhd8 25. cxb4+ Kh7 26. Ke1 Nxb4 27. Qc3
Nd3+ 28. Kf1 Nxb2 29. Qxb2 Qd3+ 30. Kf2 Qd2+ 31. Qxd2 Rxd2+ 32. Kg3 Be6 33. f5
gxf5 34. exf5 Rg8+ 35. Kf4 Bxf5 36. Bd5 Rxd5 0-1

[Event "Ste-Foy - Boywinnik"]
[Site "Ste-Foy CAN"]
[Date "2019.09.07"]
[Round "1"]
[White "Sauve, Richard"]
[Black "Darveau, Michel"]
[Result "1-0"]
[WhiteElo "1915"]
[BlackElo "1478"]
[PlyCount "65"]
[EventDate "2019.09.07"]
[EventType "swiss"]
[EventRounds "5"]
[EventCountry "CAN"]

1. d4 d5 2. c4 c6 3. e3 Nf6 4. Nc3 Bf5 5. Nf3 Nbd7 6. cxd5 cxd5 7. Be2 e6 8.
O-O Be7 9. Bd2 O-O 10. Rc1 a6 11. a3 h6 12. b4 Nb6 13. Qb3 Ne4 14. Rfd1 Nd6 15.
Ne5 Bf6 16. Nd3 Nbc4 17. Nc5 b5 18. Be1 a5 19. bxa5 Rxa5 20. a4 Qc7 21. Nxb5
Nxb5 22. Bxa5 Nxd4 23. Bxc7 Nxe2+ 24. Kh1 Nxc1 25. Rxc1 Rc8 26. Qb7 e5 27. a5
Nd2 28. a6 d4 29. a7 Re8 30. a8=Q Rxa8 31. Qxa8+ Kh7 32. exd4 exd4 33. Bf4 1-0

[Event "Ste-Foy - Boywinnik"]
[Site "Ste-Foy CAN"]
[Date "2019.09.14"]
[Round "2"]
[White "Bonneau, Daniel"]
[Black "Diotte, Jean-Raymond"]
[Result "0-1"]
[WhiteElo "1999"]
[BlackElo "1314"]
[PlyCount "112"]
[EventDate "2019.09.07"]
[EventType "swiss"]
[EventRounds "5"]
[EventCountry "CAN"]

1. d4 d5 2. c4 c5 3. cxd5 Qxd5 4. Nc3 Qxd4 5. Qxd4 cxd4 6. Nb5 Kd8 7. Nxd4 e5
8. Nb3 Bb4+ 9. Nd2 Ke7 10. a3 Ba5 11. b4 Bc7 12. Bb2 Nf6 13. Rc1 Kd7 14. g3 Re8
15. Bg2 a6 16. e3 Ra7 17. Ne2 b5 18. O-O Bb7 19. Bxb7 Rxb7 20. Rfd1 Ke7 21. Nb3
Nbd7 22. Rc6 Nb8 23. Rc2 Rd8 24. Rdc1 Bd6 25. Kg2 Rbd7 26. Ng1 Ne4 27. Nf3 f6
28. Ne1 Ng5 29. Nd3 Ne6 30. h3 Rc7 31. Ndc5 Rdc8 32. Rc3 Rc6 33. Na5 R6c7 34.
Nab7 Bxc5 35. Nxc5 Nxc5 36. bxc5 Rc6 37. R3c2 Nd7 38. Bc3 e4 39. Bd4 Ke6 40. f4
g6 41. g4 f5 42. g5 Nf8 43. h4 Kf7 44. Kf2 Ne6 45. Ke2 Nc7 46. Kd2 Ke6 47. Kc3
a5 48. Rb1 Rb8 49. h5 Kd5 50. hxg6 hxg6 51. Rh2 b4+ 52. axb4 Nb5+ 53. Kb3 Nxd4+
54. exd4 Rxb4+ 55. Kc2 Rxb1 56. Kxb1 Kxd4 0-1

[Event "Ste-Foy - Boywinnik"]
[Site "Ste-Foy CAN"]
[Date "2019.09.14"]
[Round "2"]
[White "Drolet, Stephane"]
[Black "Sauve, Richard"]
[Result "1-0"]
[WhiteElo "2054"]
[BlackElo "1915"]
[PlyCount "39"]
[EventDate "2019.09.07"]
[EventType "swiss"]
[EventRounds "5"]
[EventCountry "CAN"]

1. d4 d5 2. Bf4 Nf6 3. e3 Bf5 4. c4 e6 5. Qb3 Qc8 6. Nc3 c6 7. Rc1 Nbd7 8. cxd5
Nxd5 9. Bg3 Nxc3 10. bxc3 Be7 11. f3 O-O 12. e4 Bg6 13. Bd3 Nf6 14. Ne2 Nh5 15.
Bf2 Bg5 16. Rb1 b6 17. h4 Bh6 18. g4 Nf4 19. Nxf4 Bxf4 20. h5 1-0

[Event "Ste-Foy - Boywinnik"]
[Site "Ste-Foy CAN"]
[Date "2019.09.14"]
[Round "2"]
[White "Lescarbeau, Martin"]
[Black "Perron, Jonathan"]
[Result "0-1"]
[WhiteElo "1695"]
[BlackElo "2027"]
[PlyCount "80"]
[EventDate "2019.09.07"]
[EventType "swiss"]
[EventRounds "5"]
[EventCountry "CAN"]

1. e4 c5 2. c3 d5 3. exd5 Qxd5 4. d4 e6 5. Nf3 Nf6 6. Be2 Be7 7. O-O O-O 8. Na3
a6 9. Nc4 Nbd7 10. Ne3 Qd6 11. Nc4 Qc7 12. g3 Nd5 13. Nce5 Nxe5 14. Nxe5 b5 15.
a4 b4 16. c4 Nf6 17. Bf3 Bb7 18. Bf4 Bd6 19. Bxb7 Qxb7 20. dxc5 Bxc5 21. Ng4
Nxg4 22. Qxg4 Bd4 23. Bd6 Bxb2 24. Bxf8 Bxa1 25. Bxb4 Qxb4 26. Rxa1 Rc8 27. Qd4
Qxc4 28. Qb6 g6 29. a5 Qe2 30. Rb1 Rc2 31. Qd4 e5 32. Rb8+ Kg7 33. Qb6 Rc1+ 34.
Kg2 Qf1+ 35. Kf3 Qh1+ 36. Ke2 Qd1+ 37. Ke3 Rc3+ 38. Ke4 Qf3+ 39. Kxe5 Qf5+ 40.
Kd6 Qe6# 0-1

[Event "Ste-Foy - Boywinnik"]
[Site "Ste-Foy CAN"]
[Date "2019.09.14"]
[Round "2"]
[White "Poliquin, Yvon"]
[Black "Laflamme, Simon"]
[Result "1/2-1/2"]
[WhiteElo "1906"]
[BlackElo "2003"]
[PlyCount "30"]
[EventDate "2019.09.07"]
[EventType "swiss"]
[EventRounds "5"]
[EventCountry "CAN"]

1. e4 e6 2. d4 d5 3. e5 c5 4. Qg4 Nc6 5. Nf3 cxd4 6. Bd3 h5 7. Qf4 g6 8. O-O
Bh6 9. Qg3 Bxc1 10. Rxc1 Nge7 11. Nbd2 Nf5 12. Qf4 Bd7 13. a3 a5 14. Nb3 Qe7
15. Nbxd4 Ncxd4 1/2-1/2

[Event "Ste-Foy - Boywinnik"]
[Site "Ste-Foy CAN"]
[Date "2019.09.14"]
[Round "2"]
[White "Sarra-Bournet, Marc"]
[Black "Fecteau, Martin"]
[Result "0-1"]
[WhiteElo "1805"]
[BlackElo "1982"]
[PlyCount "68"]
[EventDate "2019.09.07"]
[EventType "swiss"]
[EventRounds "5"]
[EventCountry "CAN"]

1. e4 c5 2. Nc3 Nc6 3. f4 g6 4. Nf3 Bg7 5. Bb5 Nd4 6. O-O a6 7. Bc4 e6 8. Nxd4
cxd4 9. Ne2 Ne7 10. d3 d5 11. Bb3 O-O 12. e5 Qb6 13. Bd2 a5 14. a4 Bd7 15. Rf3
f6 16. exf6 Bxf6 17. Ng3 Bg7 18. Qe2 Nf5 19. Nxf5 Rxf5 20. Raf1 Qd6 21. Qe1 b6
22. g4 Rff8 23. Qg3 Kh8 24. Qh4 Rf7 25. Rh3 Bf6 26. Qh6 Qf8 27. Qxg6 Rg7 28.
Qh5 Be8 29. Qh6 Rxg4+ 30. Kh1 Qxh6 31. Rxh6 Kg7 32. f5 e5 33. Bxd5 Rc8 34. Bb3
Bc6+ 0-1

[Event "Ste-Foy - Boywinnik"]
[Site "Ste-Foy CAN"]
[Date "2019.09.21"]
[Round "3"]
[White "Chouinard, Etienne"]
[Black "Sauve, Richard"]
[Result "0-1"]
[WhiteElo "1855"]
[BlackElo "1915"]
[PlyCount "69"]
[EventDate "2019.09.07"]
[EventType "swiss"]
[EventRounds "5"]
[EventCountry "CAN"]

1. e4 e6 2. d4 d5 3. Nd2 Nf6 4. e5 Nfd7 5. f4 c5 6. c3 Nc6 7. Ngf3 Qb6 8. Qb3
cxd4 9. Qxb6 axb6 10. cxd4 f6 11. Bd3 fxe5 12. fxe5 Be7 13. O-O O-O 14. Nb3
Ndb8 15. Be3 Na6 16. a3 Bd7 17. Nbd2 Nc7 18. h4 Be8 19. g4 Bg6 20. Bxg6 hxg6
21. Kg2 Rac8 22. Rh1 Nb5 23. h5 gxh5 24. Rxh5 Na5 25. Rah1 Rc2 26. g5 Kf7 27.
a4 Nc4 28. Kf2 Nxd4 29. Nxd4 Rxb2 30. N4f3 Kg6 31. Ke2 Rxf3 32. Kxf3 Nxd2+ 33.
Bxd2 Rxd2 34. R5h2 Rd3+ 35. Ke2 0-1

[Event "Ste-Foy - Boywinnik"]
[Site "Ste-Foy CAN"]
[Date "2019.09.21"]
[Round "3"]
[White "Fecteau, Martin"]
[Black "Drolet, Stephane"]
[Result "0-1"]
[WhiteElo "1982"]
[BlackElo "2054"]
[PlyCount "86"]
[EventDate "2019.09.07"]
[EventType "swiss"]
[EventRounds "5"]
[EventCountry "CAN"]

1. c4 e5 2. Nc3 Nf6 3. g3 Bb4 4. Bg2 Bxc3 5. bxc3 O-O 6. d3 Re8 7. e4 d6 8. Ne2
Na6 9. O-O c6 10. Rb1 Nc5 11. h3 Qa5 12. Qc2 Qa4 13. Qxa4 Nxa4 14. Be3 Nc5 15.
Rfd1 b6 16. f4 Nfd7 17. f5 Nf6 18. g4 h6 19. Bf3 Bb7 20. h4 Nfd7 21. g5 Kh7 22.
Bh5 g6 23. Bg4 h5 24. Bh3 Rad8 25. Ng3 Na4 26. Rdc1 Ndc5 27. Bf1 d5 28. d4 exd4
29. cxd4 Nxe4 30. Bf4 c5 31. fxg6+ fxg6 32. cxd5 Nac3 33. Nxe4 Rxe4 34. Rxc3
Rxf4 35. dxc5 Rg4+ 36. Kf2 Rf8+ 37. Ke3 Rg3+ 38. Kd4 Rf4+ 39. Ke5 Rf5+ 40. Kd6
Rxd5+ 41. Ke6 Rxc3 42. cxb6 Rc6+ 43. Kxd5 Rxb6+ 0-1

[Event "Ste-Foy - Boywinnik"]
[Site "Ste-Foy CAN"]
[Date "2019.09.21"]
[Round "3"]
[White "Jardine, Robert"]
[Black "Tremblay, Charles"]
[Result "0-1"]
[WhiteElo "1207"]
[BlackElo "1505"]
[PlyCount "82"]
[EventDate "2019.09.07"]
[EventType "swiss"]
[EventRounds "5"]
[EventCountry "CAN"]

1. e4 c5 2. Nf3 Nc6 3. d4 cxd4 4. Nxd4 Nf6 5. Nc3 e5 6. Nf3 Bb4 7. Bg5 O-O 8.
Bd3 d6 9. O-O Be6 10. Nd5 a6 11. c3 Bc5 12. Re1 Bxd5 13. exd5 Ne7 14. c4 Rb8
15. Be4 Nxe4 16. Rxe4 f6 17. Bd2 Qb6 18. Be1 Nf5 19. Qe2 Rfc8 20. b3 Qc7 21.
Qd2 b5 22. g4 Nd4 23. Nxd4 Bxd4 24. Rc1 Qd7 25. h3 bxc4 26. Rxc4 Rxc4 27. bxc4
Qa4 28. g5 Rb2 29. Qd3 Qc2 30. Qxc2 Rxc2 31. gxf6 gxf6 32. Rg4+ Kf7 33. h4 Rxc4
34. Kg2 h5 35. f4 hxg4 36. f5 Rc2+ 37. Kg3 Rxa2 38. Kxg4 a5 39. Kh5 a4 40. Kh6
Be3+ 41. Kh7 Rh2 0-1

[Event "Ste-Foy - Boywinnik"]
[Site "Ste-Foy CAN"]
[Date "2019.09.21"]
[Round "3"]
[White "Perron, Jonathan"]
[Black "Poliquin, Yvon"]
[Result "0-1"]
[WhiteElo "2027"]
[BlackElo "1906"]
[PlyCount "72"]
[EventDate "2019.09.07"]
[EventType "swiss"]
[EventRounds "5"]
[EventCountry "CAN"]

1. e4 d5 2. exd5 Qxd5 3. Nf3 Nf6 4. d4 Bg4 5. Be2 e6 6. O-O Be7 7. c4 Qd8 8. h3
Bh5 9. Nc3 c6 10. Bf4 Bg6 11. Ne5 Nbd7 12. Nxg6 hxg6 13. c5 Nd5 14. Nxd5 exd5
15. b4 a6 16. a4 O-O 17. Qb3 Bf6 18. Rad1 Re8 19. Bg4 Re4 20. Be3 Nf8 21. Rd3
Qe7 22. g3 Ne6 23. Bxe6 Rxe6 24. Bf4 Qd7 25. Kg2 Re4 26. Qd1 Rae8 27. Be3 g5
28. Qd2 Qf5 29. f3 R4e6 30. g4 Qg6 31. Kg3 Qh6 32. Re1 Qg6 33. Rb3 Bd8 34. Rbb1
Rxe3 35. Rxe3 Rxe3 36. Qxe3 Bc7+ 0-1

[Event "Ste-Foy - Boywinnik"]
[Site "Ste-Foy CAN"]
[Date "2019.09.28"]
[Round "4"]
[White "Jardine, Robert"]
[Black "Turcotte, Roger"]
[Result "0-1"]
[WhiteElo "1207"]
[BlackElo "1427"]
[PlyCount "118"]
[EventDate "2019.09.07"]
[EventType "swiss"]
[EventRounds "5"]
[EventCountry "CAN"]

1. e4 c5 2. Nf3 d6 3. d4 cxd4 4. Nxd4 Nc6 5. Be2 Nf6 6. Nc3 e5 7. Nf3 h6 8. a3
Be7 9. b4 a6 10. Bb2 O-O 11. Qd3 b5 12. Nd5 Be6 13. Nxf6+ Bxf6 14. O-O Qc7 15.
Rab1 Rfd8 16. c3 Qb6 17. Bc1 d5 18. exd5 Rxd5 19. Qe3 Qxe3 20. fxe3 e4 21. Nd2
Bxc3 22. Nxe4 Bf5 23. Rxf5 Rxf5 24. Nxc3 Rd8 25. e4 Re5 26. Bf4 Re7 27. Nd5
Rxe4 28. Bf3 Rd4 29. Be3 R4xd5 30. Bxd5 Rxd5 31. Bf2 Rd3 32. Ra1 Nd4 33. Bxd4
Rxd4 34. Kf2 f5 35. Ra2 g5 36. h3 Kf7 37. g3 Rd3 38. a4 Rb3 39. axb5 axb5 40.
Ra7+ Kg6 41. Ra6+ Kh5 42. g4+ fxg4 43. hxg4+ Kxg4 44. Rxh6 Rxb4 45. Rd6 Rf4+
46. Kg2 b4 47. Rd3 Rc4 48. Rg3+ Kh5 49. Rh3+ Rh4 50. Rd3 Rc4 51. Rb3 g4 52. Re3
Rc3 53. Re5+ Kh4 54. Re6 Rc2+ 55. Kf1 b3 56. Rh6+ Kg3 57. Rb6 b2 58. Rb3+ Kh4
59. Ke1 Rc1+ 0-1

[Event "Ste-Foy - Boywinnik"]
[Site "Ste-Foy CAN"]
[Date "2019.09.28"]
[Round "4"]
[White "Poliquin, Yvon"]
[Black "Fecteau, Martin"]
[Result "1-0"]
[WhiteElo "1906"]
[BlackElo "1982"]
[PlyCount "131"]
[EventDate "2019.09.07"]
[EventType "swiss"]
[EventRounds "5"]
[EventCountry "CAN"]

1. Nf3 c5 2. e3 Nc6 3. c4 g6 4. d4 Bg7 5. d5 Nb4 6. Nc3 d6 7. a3 Na6 8. Bd3 Nf6
9. h3 Nb8 10. O-O Nbd7 11. Bd2 O-O 12. Qc1 Kh8 13. e4 Ng8 14. Kh1 a6 15. a4 f6
16. Ne2 Ne5 17. Nxe5 fxe5 18. f4 e6 19. fxe5 exd5 20. Rxf8 Qxf8 21. cxd5 Bxe5
22. Bc3 Qg7 23. Bxe5 Qxe5 24. Qc3 Qxc3 25. Nxc3 Bd7 26. Kg1 Rf8 27. Nd1 Kg7 28.
Ne3 Ne7 29. Nc4 Nc8 30. Na5 b5 31. b3 Kf6 32. Rf1+ Ke7 33. Nc6+ Bxc6 34. Rxf8
Kxf8 35. dxc6 Na7 36. axb5 axb5 37. c7 b4 38. Ba6 Ke7 39. c8=Q Nxc8 40. Bxc8 c4
41. Ba6 cxb3 42. Kf2 b2 43. Bd3 Ke6 44. Ke3 Ke5 45. Bb1 h5 46. Kd3 Kf4 47. Kc4
Ke3 48. Kxb4 Kf2 49. Kc4 Kxg2 50. Kd5 g5 51. Kxd6 g4 52. hxg4 h4 53. g5 h3 54.
g6 h2 55. g7 h1=Q 56. g8=Q+ Kf2 57. Qf7+ Ke2 58. Qc4+ Kd2 59. Qc2+ Ke3 60. Qxb2
Qh6+ 61. Kd5 Qg5+ 62. Kc4 Qg8+ 63. Kc3 Kf3 64. Qb3 Qe8 65. Kd2+ Kg2 66. Qd5 1-0

[Event "Ste-Foy - Boywinnik"]
[Site "Ste-Foy CAN"]
[Date "2019.09.28"]
[Round "4"]
[White "Sarra-Bournet, Marc"]
[Black "Cummins, Paul"]
[Result "1-0"]
[WhiteElo "1805"]
[BlackElo "1677"]
[PlyCount "91"]
[EventDate "2019.09.07"]
[EventType "swiss"]
[EventRounds "5"]
[EventCountry "CAN"]

1. e4 d5 2. exd5 Nf6 3. d4 Nxd5 4. c4 Nf6 5. Nf3 Bg4 6. Be2 e6 7. O-O c6 8. Nc3
Be7 9. Be3 Na6 10. d5 exd5 11. cxd5 Nb4 12. dxc6 Qxd1 13. Rfxd1 bxc6 14. Rd2
O-O 15. Rad1 Rfd8 16. Rxd8+ Bxd8 17. h3 Bh5 18. g4 Bg6 19. Ne5 Bc7 20. Nxg6
hxg6 21. Bf3 Be5 22. a3 Bxc3 23. bxc3 Nbd5 24. Bd4 a5 25. c4 Nf4 26. Kh2 Ne6
27. Be3 Rc8 28. Rd6 c5 29. Ra6 Nd4 30. Bd1 Nd7 31. Rxa5 Nb6 32. Bxd4 cxd4 33.
c5 Nc4 34. Ra4 Rxc5 35. Be2 Ne5 36. Rxd4 Kf8 37. a4 f5 38. Kg2 Ke7 39. Bb5 Nc6
40. Rc4 Rxc4 41. Bxc4 Ne5 42. Be2 Kd6 43. Kg3 Nc6 44. Kf4 Kc5 45. gxf5 gxf5 46.
Bb5 1-0

[Event "Ste-Foy - Boywinnik"]
[Site "Ste-Foy CAN"]
[Date "2019.09.28"]
[Round "4"]
[White "Sauve, Richard"]
[Black "Lescarbeau, Martin"]
[Result "1-0"]
[WhiteElo "1915"]
[BlackElo "1695"]
[PlyCount "67"]
[EventDate "2019.09.07"]
[EventType "swiss"]
[EventRounds "5"]
[EventCountry "CAN"]

1. d4 Nf6 2. c4 c5 3. d5 b5 4. cxb5 a6 5. bxa6 Bxa6 6. Nc3 g6 7. e4 Bxf1 8.
Kxf1 d6 9. Nf3 Bg7 10. g3 O-O 11. Kg2 Na6 12. Re1 Nd7 13. Qe2 Qc7 14. Bf4 Rfb8
15. e5 dxe5 16. Nxe5 Nxe5 17. Bxe5 Bxe5 18. Qxe5 Qxe5 19. Rxe5 Kf8 20. Re2 c4
21. Rd1 Nc5 22. Rd4 Na4 23. Rxc4 Nxb2 24. Rc7 Ra3 25. Nb1 Ra6 26. Rexe7 Rf6 27.
Nc3 Nd3 28. Ne4 Rf5 29. Nd6 Rxf2+ 30. Kh3 Ne5 31. Rxe5 Rbb2 32. Ree7 Rxh2+ 33.
Kg4 Rbf2 34. Rxf7+ 1-0